000 00458nam a22001811a 4500
001 1037
003 OSt
005 20260204211718.0
008 040115s1996||||dr ||||||b||||||||||spa||
050 _aRD 510 M414p
082 _aRD 510 M414p
245 _aMatemática para la educación media: Libro 1
264 _aSanto Domingo : Teofilo
300 _a392 p.
650 _a1.Matemática
700 _aSantana, Julian 2.Herrera, RobertoÌ
942 _2ddc
_cBK
999 _c1037
_d1037